Irish Bands - Sudden Death - Statistics

General Stats
  • This quiz has been taken 1,098 times
  • The average score is 4 of 15
Answers on the Grid
Answers color-coded by a green-red scale on the quiz's grid according to % correct below.
Pogues
U2
Stump
Midnight Oil
Del Amitri
A House
Go Betweens
Corrs
Fontaines DC
Gogol Bordello
Cranberries
The Men They Couldn't Hang
Dubliners
Westlife
Swarbriggs
Dooleys
Them
Shillelagh Sisters
Middle Of The Road
Into Paradise
Wet Leg
Boomtown Rats
Dropkick Murphys
Thin Lizzy
Budgie
Kenny
Clancy Brothers
Take That
Simple Minds
Horslips
 
Answer Stats
Answer % Correct
U2
73%
Cranberries
55%
Thin Lizzy
46%
Dubliners
44%
Corrs
34%
Westlife
29%
Boomtown Rats
28%
Fontaines DC
25%
Clancy Brothers
10%
Horslips
7%
Them
4%
Swarbriggs
2%
A House
1%
Into Paradise
1%
Stump
0%
No matching quizzes found
Score Distribution
Percent of People with Each Score
Percentile by Number Answered
Your Score History
You have not taken this quiz